Szczegóły MARC21

Problemy Transportu i Logistyki /

005 -Data i czas ostatniej zmiany [,]
    • @
    • Data ostatniej zmiany
    • 20170426134729.0
022 -Międzynarodowy Znormalizowany Numer Wydawnictwa Ciągłego - ISSN [ , ]
    • a
    • International Standard Serial Number
    • 1644-275x
040 -Instytucja sporządzająca opis [ , ]
    • a
    • Instytucja, która sporządziła opis (NP)
    • SZCZ U/EP
    • c
    • Instytucja, która sporządziła rekord (NP)
    • SZCZ U/EP
041 -Język dokumentu [0, ]
    • a
    • Język tekstu (P)
    • polski
    • b
    • Język streszczeń(P)
    • angielski
    • b
    • Język streszczeń(P)
    • polski
044 -Kraj miejsca wydania [ , ]
    • a
    • Kraj miejsca wydania
    • Polska
942 -Rodzaj dokumentu [ , ]
    • c
    • Rodzaj dokumentu
    • Wydaw. ciągłe w tym czasopisma
210 -Skrót tytułu [1, ]
    • a
    • Skrót tytułu
    • Probl. Transp. Logist.
222 -Tytuł kluczowy [ ,0]
    • a
    • Tytuł kluczowy
    • Problemy Transportu i Logistyki.
245 -Strefa tytułu i oznaczenia odpowiedzialności [0,0]
    • a
    • Tytuł
    • Problemy Transportu i Logistyki /
    • c
    • Pozostałe elementy strefy tytułu i oznaczenia odpowiedzialności (NP)
    • Uniwersytet Szczeciński.
260 -Strefa adresu wydawniczego [ , ]
    • a
    • Miejsce wydania (P)
    • Szczecin :
    • b
    • Nazwa wydawcy (P)
    • Wydawnictwo Naukowe Uniwersytet Szczeciński,
    • c
    • Data wydania (P)
    • 2016 -.
300 -Strefa opisu fizycznego [ , ]
    • c
    • Format (NP)
    • 24 cm.
310 -Częstotliwość [ , ]
    • a
    • Częstotliwość
    • Kwart.
362 -Strefa numeracji [ ,0]
    • a
    • Strefa numeracji
    • Nr 1 ; 33 (2016)-.
546 -Uwaga dot. języka [ , ]
    • a
    • Uwaga dot. języka
    • Streszcz. w jęz. ang.
710 -Hasło dodatkowe - nazwa ciała zbiorowego [2, ]
    • a
    • Nazwa ciała zbiorowego lub nazwa geograficzna jako pierwszy element (NP)
    • Uniwersytet Szczeciński.
710 -Hasło dodatkowe - nazwa ciała zbiorowego [2, ]
    • a
    • Nazwa ciała zbiorowego lub nazwa geograficzna jako pierwszy element (NP)
    • Uniwersytet Szczeciński.
    • 4
    • Określenie rodzaju współpracy
    • pbl.
    • b
    • Nazwa jednostki podrzędnej (P)
    • Wydawnictwo Naukowe.
780 -Tytuł poprzedni wydawnictwa [0,2]
    • g
    • Relationship information
    • 1999-2002
    • t
    • Title
    • Ekonomiczne Problemy Transportu
    • w
    • Record control number
    • 120097
    • x
    • International Standard Serial Number
    • 1509-0515
780 -Tytuł poprzedni wydawnictwa [0,2]
    • g
    • Relationship information
    • 2003-2015
    • t
    • Title
    • Zeszyty Naukowe Uniwersytetu Szczecińskiego Problemy Transportu i Logistyki
    • w
    • Record control number
    • 120638
    • x
    • International Standard Serial Number
    • 1644-275x